书目信息 |
| 题名: |
Linux服务器性能调整
|
|
| 作者: | 约翰逊 , 威曾格 , 普拉瓦提 著 ;韩智文 译 | |
| 分册: | ||
| 出版信息: | 北京 清华大学出版社 2009.09 |
|
| 页数: | 422页 | |
| 开本: | 26cm | |
| 丛书名: | ||
| 单 册: | ||
| 中图分类: | TP316.89 | |
| 科图分类: | ||
| 主题词: | Linux操作系统--linux cao zuo xi tong | |
| 电子资源: | ||
| ISBN: | 978-7-302-20532-6 | |
| 000 | 01198nam0 2200289 450 | |
| 001 | 01CN04706698@CSLN | |
| 005 | 20101112090355.95 | |
| 010 | @a978-7-302-20532-6@dCNY58.00 | |
| 100 | @a20101129d2009 em y0chiy50 ea | |
| 101 | 1 | @achi@ceng |
| 102 | @aCN@b110000 | |
| 105 | @ay a 000yy | |
| 200 | 1 | @aLinux服务器性能调整@Alinux fu wu qi xing neng tiao zheng@f(美) Sandra K.Johnson, Gerrit Huizenga, Badari Pulavarty著@g韩智文译 |
| 210 | @a北京@c清华大学出版社@d2009.09 | |
| 215 | @a422页@d26cm | |
| 312 | @a英文题名:取自封面 | |
| 314 | @a本书责任者的汉译姓:取自版权页 | |
| 320 | @a有书目 | |
| 330 | @a本书不仅涉及到内核调整,还展示对运行于Linux之上的真实应用程序和数据库的端到端性能加以优化的技术。在全书中,作者给出了建立在当今最流行的企业级Linux平台——基于Intel的Red Hat Enterprise Linux以及Noell SUSE Linux Enterprise Serer——之上的真实示例。 | |
| 606 | 0 | @aLinux操作系统@Alinux cao zuo xi tong |
| 690 | @aTP316.89@v4 | |
| 701 | 1 | @a约翰逊@Ayue han xun@g(Johnson,S.K)@4著 |
| 701 | 1 | @a威曾格@Awei zeng ge@g(HuizengaG.)@4著 |
| 701 | 1 | @a普拉瓦提@Apu la wa ti@g(Pulavarty,B.)@4著 |
| 702 | 0 | @a韩智文@Ahan zhi wen@4译 |
| 801 | 0 | @aCN@c20101129 |
| 905 | @dTP316.89@eY944-2 | |
| Linux服务器性能调整/(美) Sandra K.Johnson, Gerrit Huizenga, Badari Pulavarty著/韩智文译.-北京:清华大学出版社,2009.09 |
| 422页;26cm |
| ISBN 978-7-302-20532-6:CNY58.00 |
| 本书不仅涉及到内核调整,还展示对运行于Linux之上的真实应用程序和数据库的端到端性能加以优化的技术。在全书中,作者给出了建立在当今最流行的企业级Linux平台——基于Intel的Red Hat Enterprise Linux以及Noell SUSE Linux Enterprise Serer——之上的真实示例。 |
| ● |
| 相关链接 |
|
|
|
正题名:Linux服务器性能调整
索取号:TP316.89/Y944-2
 
预约/预借
| 序号 | 登录号 | 条形码 | 馆藏地/架位号 | 状态 | 备注 |
| 1 | 1033774 | 210337740 | 自科库301/301自科库 59排3列3层/ [索取号:TP316.89/Y944-2] | 在馆 | |
| 2 | 1033775 | 210337759 | 自科库301/404自科库 15排2列1层/ [索取号:TP316.89/Y944-2] | 在馆 | |
| 3 | 1033776 | 210337768 | 自科库301/301自科库 59排3列3层/ [索取号:TP316.89/Y944-2] | 在馆 |